1264 1821 1310 1407 1820 1825 1173 1089 1145 1152 1414 1714 1135 1266 1396 1270 1310 1729 1959 1156 1534 1437 1598 1685 1254 1610 1892 1671 1037 1884 1232 1093 1245 1163 1958 1982 1302 1200 1945 1643 1722 1867 1577 1640 1474 1048 1677 1250 1965 1124 1735 1414 1524 1937 1498 1667 1833 1834 1070 1025 1997 1252 1216 1595 1917 1102 1826 1688 1130 1817 1203 1849 1017 1447 1155 1634 1545 1825 1388 1942 1139 1956 1560 1313 1266 1319 1615 1507 1851 1721 1425 1157 1240 1732 1402 1933 1717 1505 1531 BCNSPRNW ULIB Ver.6.0+V

เปลี่ยนเป็นภาษาไทย

Change to English
 แสดงรายละเอียดบรรณานุกรม
  กลับหน้าหลัก

Brief Record : Get Marc (ISO 2709) : E-mail record : QR code < ปิดหน้าต่าง
LEADER : 00000nam 2200000uu 4500
001    13399122976
003     ULIB
008    131118s2556||||th 000 0 tha d
020    ^a9786165432306
050  4 ^aBQ843^bศ254
245 00 ^aศรีศตวรรษมหาสังฆราชา : ^bร้อยกรองสรรเสริญพระเกียรติคุณสมเด็จพระญาณสังวร สมเด็จพระสังฆราช สกลมหาสังฆปรินายก (เจริญ สุวฑฺฒโน) /^cบรรณาธิการ, อรสา สายบัว ... [และคนอื่นๆ]
246 3  ^aร้อยกรองสรรเสริญพระเกียรติคุณสมเด็จพระญาณสังวร สมเด็จพระสังฆราช สกลมหาสังฆปรินายก
250    ^aพิมพ์ครั้งที่ 1
260    ^aกรุงเทพฯ :^bสำนักวรรณกรรมและประวัติศาสตร์ กรมศิลปากร,^c2556
300    ^a120 หน้า :^bภาพประกอบ (สีบางภาพ) ;^c28 ซม.
500    ^aจัดพิมพ์ทูลเกล้าฯ ถวายสนองพระกรุณาธิคุณในงานฉลองพระชันษา 100 ปี (เจริญ สุวฑฺฒโน) วัดบวรนิเวศวิหาร วันพฤหัสบดีที่ 3 ตุลาคม พุทธศักราช 2556
600 04 ^aสมเด็จพระญาณสังวร,^cสมเด็จพระสังฆราช (เจริญ สุวฑฺฒโน),^d2456-
650  4 ^aสมเด็จพระสังฆราช
700 0  ^aอรสา สายบัว,^eบรรณาธิการ
710 2  ^aกรมศิลปากร. ^bสำนักวรรณกรรมและประวัติศาสตร์
945    ^p0^l0^i034172
945    ^p0^l0^i034173
999    ^aเกษร โพธิ์สุวรรณ
รายการนี้ยังไม่มีแท็ก
คุณยังไม่ได้ล็อกอิน คุณสามารถมีกิจกรรมร่วมกับเว็บไซต์ได้ แต่ต้องล็อกอินก่อน ::
  ล็อกอิน

รายการสื่อสารสนเทศ

ลำดับที่ ประเภท เลขเรียก/บาร์โค้ด สถานที่ สถานะ
1. การศึกษาทั่วไป
การศึกษาทั่วไป
BQ843 ศ254  
  Barcode: 034172
ห้องสมุดวิทยาเขตสวรรค์ประชารักษ์
►หนังสือทั่วไป
บนชั้น
2. การศึกษาทั่วไป
การศึกษาทั่วไป
BQ843 ศ254 ฉ.2 
  Barcode: 034173
ห้องสมุดวิทยาเขตสวรรค์ประชารักษ์
►หนังสือทั่วไป
บนชั้น

รายการใกล้เคียง
    หัวเรื่อง [สมเด็จพระสังฆราช]

BibComment


ยังไม่เคยถูกคอมเมนท์

คอมเมนท์ทรัพยากรรายการนี้
  คอมเมนท์: ศรีศตวรรษมหาสังฆ..


 Copyright 2026. Bcnsprnw @Library